00781nam a2200217 i 4500001000700000003000900007005001700016007000300033008004100036100002900077245008800106260006100194300002200255490002500277650002300302700004300325830003300368852002200401999001900423952012100442146402ES-MaACL20250728181204.0t|070907s1957 sp ||||1| spa d1 aTrese, Leo John.911132613aEl pastor de su rebaño / cLeo John Trese ; prólogo del R. P. Félix García. aMadrid : bEl Pez, c1957 (fTall. Gráf. de La Normal) a213 p. ; c17 cm.1 aDías de Dios ; v400aSacerdotes.9169591 aGarcía, Félix, d1897-198391721161 aDías de Dios ; v49220837 aES-MaACLjC-12479 c146402d146402 00104070aATENEOMbATENEOMcSPALd2008-01-17eSCl0oC-12479p1152804r2023-02-23 00:00:00w2023-02-23yMONOGRAFIA